[Event "UOP-CRT"]
[Site "?"]
[Date "1999.05.11"]
[Round "?"]
[White "Lechnick, J"]
[Black "Deleon, J"]
[Result "0-1"]
[WhiteElo "1811"]
[BlackElo "1608"]
[Annotator "Playoff 1"]
[PlyCount "98"]
[EventDate "1999.??.??"]

1. d4 Nf6 2. c4 g6 3. Nc3 Bg7 4. e4 d6 5. Nf3 O-O 6. Be3 Nbd7 7. Bd3 c5 8. h3
8... Qb6 { } 9. Rb1 Qc7 10. d5 a6 11. O-O Rb8 12. Qd2 Re8 13. Bh6 13... Ne5 { }
14. Nxe5 dxe5 15. Be3 e6 16. f4 Nd7 17. f5 Nf6 18. fxg6 fxg6 19. Qf2 b6 20. Bg5
20... Rf8 { } 21. Qh4 Qd8 22. Rf2 Rb7 23. Rbf1 Rbf7 24. Nd1 exd5 25. cxd5 Qd6
26. a4 { } 26... Nh5 27. Rxf7 Rxf7 28. Rxf7 Kxf7 29. Bc4 Bf6 30. Nf2 { } 30...
Bd7 31. Bxa6 Bxa4 32. Be2 Bxg5 33. Qxg5 Nf4 34. Bf3 { } 34... Qf6 35. Qxf6+
Kxf6 36. Ng4+ Ke7 37. Nxe5 b5 38. Kf2 Kd6 39. Nf7+ 39... Ke7 { } 40. Ke3 Nxd5+
41. exd5 Kxf7 42. Ke4 Kf6 43. Kf4 b4 44. g4 g5+ 45. Ke3 Ke5 46. Be4 h6 47. Kd3
{ } 47... Bb3 48. Bg2 Bxd5 49. Bf1 Kf4 0-1

[Event "CRT-UOP"]
[Site "?"]
[Date "1999.05.11"]
[Round "?"]
[White "Sitar, K"]
[Black "Micklich, F"]
[Result "0-1"]
[WhiteElo "1629"]
[BlackElo "1630"]
[Annotator "Playoff 1"]
[PlyCount "62"]
[EventDate "1999.??.??"]

1. c4 g6 2. d4 Bg7 3. Nf3 d6 4. Nc3 Nc6 5. g3 Bg4 6. Bg2 e5 7. d5 Nce7 8. e4 c5
9. Rb1 Nf6 10. O-O O-O 11. Bd2 { } 11... Nh5 12. Qc1 f5 13. h3 Bxf3 14. Bxf3 { 
} 14... f4 15. Bxh5 gxh5 16. Ne2 Ng6 17. gxf4 exf4 18. Nxf4 Nxf4 19. Bxf4 { }
19... Qh4 20. Bxd6 Rf3 21. Bg3 { } 21... Rxg3+ 22. fxg3 Qxg3+ 23. Kh1 Qxh3+ 24.
Kg1 24... Bd4+ { } 25. Rf2 Qg3+ 26. Kh1 Bxf2 27. Qf1 Qh4+ 28. Kg2 { } 28... Rf8
29. Qd3 Qg4+ 30. Kh2 Rf3 31. Qf1 { } 31... Bg3+ 0-1

[Event "Exemplars-Fermi"]
[Site "?"]
[Date "1999.05.15"]
[Round "?"]
[White "Weber, L"]
[Black "Speigel, L"]
[Result "1-0"]
[WhiteElo "2152"]
[BlackElo "2063"]
[Annotator "Playoff 2"]
[PlyCount "79"]
[EventDate "1999.??.??"]

1. d4 Nf6 2. c4 g6 3. Nf3 Bg7 4. Nc3 d5 5. e3 O-O 6. Be2 c5 7. O-O { } 7...
cxd4 8. Nxd4 Nc6 9. cxd5 Nxd5 10. Nxc6 bxc6 11. Bd2 Rb8 12. Qc2 { } 12... Nb4
13. Qd1 Nd3 14. b3 Qd7 15. Qc2 Nb4 16. Qb2 Rd8 17. Rfd1 { } 17... Qf5 18. e4
Qf6 19. Be1 Be6 20. a3 { } 20... a5 21. Rab1 Rxd1 22. Rxd1 c5 23. Qc1 Nc6 24.
Bc4 Nd4 25. Nd5 Bxd5 26. exd5 26... h5 { } 27. Bxa5 Rxb3 28. Rxd4 Rxa3 29. Qxa3
Qxd4 30. Qc1 { } 30... Bh6 31. Qf1 h4 32. h3 g5 33. Bd8 Kf8 34. Qe2 e5 35. Qd3
Qf4 36. d6 g4 37. hxg4 Qxg4 38. Qf3 Qxf3 39. gxf3 { } 39... Ke8 40. Bb6 1-0

[Event "Exemplars-Fermi"]
[Site "?"]
[Date "1999.05.15"]
[Round "?"]
[White "Sollano, E"]
[Black "Gomez, G"]
[Result "1-0"]
[WhiteElo "1976"]
[BlackElo "1658"]
[Annotator "Playoff 2"]
[PlyCount "102"]
[EventDate "1999.??.??"]

1. Nf3 Nf6 2. g3 g6 3. Bg2 Bg7 4. O-O O-O 5. Re1 Nc6 6. e4 e5 7. Nc3 Re8 8. d3
d6 9. Bg5 Bg4 10. Qd2 Qd7 11. Ne2 { } 11... Bh3 12. b4 Bxg2 13. Kxg2 b5 14.
Rab1 d5 15. Bxf6 Bxf6 16. Nc3 dxe4 17. Nxe4 Bg7 18. Qc3 Nd4 19. Nxd4 exd4 20.
Qb3 { } 20... Qc6 21. Kg1 Re7 22. Ng5 Rae8 23. Rxe7 Rxe7 24. Ne4 Kh8 25. Rf1
25... Qe6 { } 26. Qa3 f5 27. Nc5 Qb6 28. Qb3 a5 29. a3 Qc6 30. Qa2 a4 31. Qb1
Qe8 32. Qc1 32... Re2 { } 33. Qd1 Re5 34. Qd2 Re7 35. Qf4 Qc6 36. Qh4 { } 36...
Bf6 37. Qh6 Bg7 38. Qg5 Bf6 39. Qd2 Qe8 40. h4 h5 41. Qf4 Kg7 42. Qf3 c6 43.
Kg2 Re2 44. Rc1 44... Kf8 { } 45. Nd7+ Kf7 46. Qxc6 46... Bxh4 { } 47. Qd5+ Qe6
48. Qxe6+ Kxe6 49. gxh4 { } 49... Ke7 50. Nc5 Re5 51. c4 bxc4 1-0

[Event "Fermi-Exemplars"]
[Site "?"]
[Date "1999.05.15"]
[Round "?"]
[White "Staples, C"]
[Black "Friske, T"]
[Result "0-1"]
[WhiteElo "1610"]
[BlackElo "1967"]
[Annotator "Playoff 2"]
[PlyCount "90"]
[EventDate "1999.??.??"]

1. Nf3 d5 2. c4 Nf6 3. b3 c5 4. g3 Nc6 5. Bg2 e5 6. cxd5 Nxd5 7. d3 Be7 8. Bb2
f6 9. O-O Be6 10. Nbd2 10... O-O { } 11. a3 Qd7 12. Re1 Rfd8 13. Qc2 Rac8 14.
Rad1 { } 14... Nb6 15. Nc4 Nd4 16. Bxd4 cxd4 17. Qb2 Nd5 18. e3 { } 18... b5
19. Na5 dxe3 20. fxe3 Nc3 21. Rd2 { } 21... Qc7 22. b4 Na4 23. Qa1 Rd7 24. Kf1
Qc3 25. Qxc3 25... Rxc3 { } 26. Nxe5 $2 26... fxe5 27. Bc6 Rdxd3 28. Rxd3 Rxd3
29. Bxb5 29... Rxa3 { } 30. Nc6 Bf8 31. Nxe5 Bxb4 32. Rd1 Nb6 33. Kf2 { } 33...
Ra5 34. Rd8+ Bf8 35. Nd7 Nxd7 36. Bxd7 Bxd7 37. Rxd7 Ra2+ 38. Kf3 a5 39. e4 { }
39... Rxh2 40. e5 Rh6 41. Kf4 Re6 42. Kf5 Re7 43. e6 Rxd7 44. exd7 Be7 45. Ke6
45... Bf6 { } 0-1

[Event "Tyros-UOP"]
[Site "?"]
[Date "1999.05.15"]
[Round "?"]
[White "Stein, P"]
[Black "Stevanovic, M"]
[Result "1-0"]
[WhiteElo "2252"]
[BlackElo "2216"]
[Annotator "Playoff 2"]
[PlyCount "65"]
[EventDate "1999.??.??"]

1. d4 f5 2. Nc3 d5 3. f3 Nf6 4. Bg5 Nc6 5. Qd2 h6 6. Bh4 g5 7. Bf2 7... a6 { }
8. g4 fxg4 9. e4 gxf3 10. Bd3 Be6 11. e5 { } 11... Ng4 12. Bg6+ Kd7 13. O-O-O
Nxf2 14. Qxf2 Kc8 15. Nxf3 Bg7 16. Rhg1 16... Qf8 { } 17. Qe3 b6 18. Nd2 Qd8
19. Nb3 Rf8 20. Na4 Kb8 21. Qc3 21... Na7 { } 22. Nac5 Bc8 23. Qb4 Nc6 24. Qa4
b5 25. Qa3 { } 25... Rf4 26. Na5 Nxa5 27. Qxa5 Rf8 28. Rdf1 e6 29. Bd3 29...
Qe7 { } 30. Bxb5 axb5 31. Qxb5+ Ka7 32. Rxf8 Qxf8 33. c3 { } 1-0

[Event "UOP-Tyros"]
[Site "?"]
[Date "1999.05.15"]
[Round "?"]
[White "Buerger, E"]
[Black "Tamez, I"]
[Result "0-1"]
[WhiteElo "2024"]
[BlackElo "2211"]
[Annotator "Playoff 2"]
[PlyCount "88"]
[EventDate "1999.??.??"]

1. d4 d5 2. c4 e6 3. Nf3 Nf6 4. Bg5 Nbd7 5. e3 Be7 6. Nc3 O-O 7. cxd5 exd5 8.
Bd3 Re8 9. O-O c6 10. Rc1 Nf8 11. Ne5 { } 11... N6d7 12. Bf4 Nxe5 13. Bxe5 Bd6
14. Bxd6 Qxd6 15. Na4 Re6 16. Qf3 Rh6 17. Qg3 Qb4 18. b3 18... Ne6 { } 19. Nc5
Nxc5 20. Rxc5 Be6 21. Rfc1 Rf8 22. Bb1 f5 23. Qe5 Bc8 24. Qc7 { } 24... f4 25.
Qa5 Qxa5 26. Rxa5 fxe3 27. fxe3 a6 28. Rac5 Re6 29. R5c3 Re7 30. Rf1 Ref7 31.
Rxf7 Rxf7 32. e4 dxe4 33. Bxe4 Bf5 34. Bxf5 34... Rxf5 { } 35. Rf3 Rxf3 36.
gxf3 Kf7 37. Kf2 Ke6 38. Ke3 38... Kf5 { } 39. a4 g5 40. h3 a5 41. Ke2 Kf4 42.
Kf2 h6 43. Kg2 h5 44. Kf2 44... h4 { } 0-1

[Event "Tyros-UOP"]
[Site "?"]
[Date "1999.05.15"]
[Round "?"]
[White "Buchner, R"]
[Black "Sajbel, P"]
[Result "0-1"]
[WhiteElo "2044"]
[BlackElo "1814"]
[Annotator "Playoff 2"]
[PlyCount "64"]
[EventDate "1999.??.??"]

1. Nf3 d5 2. g3 Nf6 3. Bg2 Nc6 4. O-O e5 5. d3 Bf5 6. Nbd2 6... Qd7 { } 7. Nh4
Bh3 8. e4 g5 9. Nhf3 Bxg2 10. Kxg2 g4 11. Nh4 11... O-O-O { } 12. f4 dxe4 13.
fxe5 Nd5 14. Nxe4 Nxe5 15. Qe2 Be7 16. Nf5 h5 17. Nxe7+ Nxe7 18. Bg5 Nf3 19.
Bf6 Rh6 20. Rf2 20... Re8 { } 21. Bxe7 Rxe7 22. Qe3 Rg6 23. Qxa7 Ra6 24. Qc5 { 
} 24... Rc6 25. Qa7 Ra6 26. Qc5 h4 27. Ng5 hxg3 28. hxg3 { } 28... Re5 29. Qf8+
Re8 30. Qc5 Ne1+ 31. Kf1 Rc6 32. Qa7 { } 32... Qd5 0-1

[Event "UOP-Tyros"]
[Site "?"]
[Date "1999.05.15"]
[Round "?"]
[White "Boldingh, E"]
[Black "Diaz, P"]
[Result "0-1"]
[WhiteElo "1853"]
[BlackElo "1992"]
[Annotator "Playoff 2"]
[PlyCount "62"]
[EventDate "1999.??.??"]

1. e4 c5 2. Nf3 e6 3. c3 d5 4. e5 Nc6 5. d4 Bd7 6. Bd3 Qb6 7. O-O { } 7... cxd4
8. cxd4 Nxd4 9. Nxd4 Qxd4 10. Nc3 a6 11. Qe2 Qb6 12. Bd2 Ne7 13. Rac1 { } 13...
g6 14. Bg5 Bg7 15. Bf6 Kf8 16. Qf3 Ng8 17. Bxg7+ Kxg7 18. h4 f6 19. Qg3 Qd4 20.
Rfe1 { } 20... f5 21. Red1 Qg4 22. Qxg4 22... fxg4 { } 23. Nxd5 Ba4 24. Rc7+
Kh6 25. b3 exd5 26. bxa4 Re8 27. Be2 Rxe5 28. Bxg4 { } 28... Re7 29. Rc8 Kg7
30. Rxd5 Nf6 31. Rxh8 { } 31... Nxg4 0-1

[Event "Tyros-UOP"]
[Site "?"]
[Date "1999.05.15"]
[Round "?"]
[White "Stoltz, R"]
[Black "Lechnick, J"]
[Result "1-0"]
[WhiteElo "1886"]
[BlackElo "1811"]
[Annotator "Playoff 2"]
[PlyCount "113"]
[EventDate "1999.??.??"]

1. e4 e6 2. d4 d5 3. e5 c5 4. Qg4 Nc6 5. Nf3 cxd4 6. Bd3 Bd7 7. O-O { } 7...
Nh6 8. Qf4 g6 9. a3 Bg7 10. Re1 Nf5 11. h3 { } 11... Bh6 12. Qh2 Bxc1 13. Rxc1
Nh4 14. Nbd2 O-O 15. Qf4 Nxf3+ 16. Nxf3 Qc7 17. Qh6 { } 17... Bc8 18. Re1 f6
19. exf6 Rxf6 20. c4 dxc3 21. bxc3 { } 21... Qg7 22. Qe3 b6 23. Bb5 Ne7 24. Ne5
Nf5 25. Qe2 Nd6 26. Bd3 Bb7 27. Rad1 Raf8 28. Ng4 { } 28... Nf5 29. Nxf6+ Qxf6
30. Qe5 Nh4 31. Qxe6+ Qxe6 32. Rxe6 d4 33. cxd4 Bxg2 34. Re3 Bd5 35. Be4 { }
35... Nf3+ 36. Bxf3 Bxf3 37. Rde1 Bc6 38. Re7 Rf3 39. R1e3 Rf4 40. Rc7 Bb5 41.
Ree7 41... a6 { } 42. Rc8+ Rf8 43. Rxf8+ Kxf8 44. Rb7 Kg8 45. d5 h5 46. h4 Kf8
47. f4 Bd3 48. Rxb6 Ke7 49. Kf2 { } 49... a5 50. Ke3 Bc2 51. Kd4 a4 52. Kc5 Kd7
53. Rb7+ Kc8 54. Rg7 Bf5 55. Kd6 Be4 56. Ra7 Bc2 57. Rc7+ { } 1-0

[Event "UOP-Tyros"]
[Site "?"]
[Date "1999.05.15"]
[Round "?"]
[White "Micklich, F"]
[Black "Brozovich, J"]
[Result "1-0"]
[WhiteElo "1630"]
[BlackElo "1728"]
[Annotator "Playoff 2"]
[PlyCount "91"]
[EventDate "1999.??.??"]

1. e4 e6 2. d3 d5 3. Nd2 dxe4 4. dxe4 c5 5. g3 b6 6. Bg2 Bb7 7. Ngf3 g6 8. O-O
Bg7 9. Re1 Nf6 10. Qe2 10... O-O { } 11. Rb1 Nc6 12. e5 Nd7 13. Nc4 Ba6 14. Bf4
{ } 14... Na5 15. Nfd2 Rb8 16. b3 Qc7 17. Qg4 17... Bb7 { } 18. Nf3 Nxc4 19.
bxc4 Qc6 20. Qh3 Qa4 21. Rbd1 Bxf3 22. Bxf3 Rbc8 23. Bg4 Rfe8 24. Rd2 Nb8 25.
Bg5 Nd7 26. Bf4 Nb8 27. Bg5 Nc6 28. Bf4 28... Nd4 { } 29. c3 Nf5 30. Be2 Red8
31. g4 Rxd2 32. Bxd2 Ne7 33. Bf4 Rd8 34. Qh4 { } 34... Re8 35. Rd1 Nc6 36. Qg3
Qxa2 37. Rd2 Qb1+ 38. Kg2 { } 38... Qe4+ 39. Bf3 Qxc4 40. Bxc6 Rc8 41. Qf3 h6
42. Bb7 Rb8 43. Rd7 43... g5 { } 44. Bxg5 Bxe5 45. Qxf7+ Kh8 46. Bf6+ 1-0

[Event "CRT-CCDOC"]
[Site "?"]
[Date "1999.05.15"]
[Round "?"]
[White "Jasaitas, A"]
[Black "Williams, K"]
[Result "1-0"]
[WhiteElo "2145"]
[BlackElo "1968"]
[Annotator "Playoff 2"]
[PlyCount "52"]
[EventDate "1999.??.??"]

1. e4 c6 2. d4 d5 3. Nc3 dxe4 4. Nxe4 Nd7 5. Bd3 Ngf6 6. Nf3 Nxe4 7. Bxe4 Nf6
8. Bd3 { } 8... Bg4 9. c3 e6 10. h3 Bh5 11. Bg5 Be7 12. Qe2 12... O-O { } 13.
g4 Bg6 14. Bxg6 hxg6 15. O-O-O Qa5 16. Kb1 16... Rfe8 { } 17. Ne5 Bd6 18. h4
Bxe5 19. dxe5 Nh7 20. f4 20... f6 { } 21. h5 gxh5 22. exf6 gxf6 23. Bh6 Rad8
24. gxh5 24... Qf5+ { } 25. Kc1 Rxd1+ 26. Rxd1 Kh8 1-0

[Event "CRT-CCDOC"]
[Site "?"]
[Date "1999.05.15"]
[Round "?"]
[White "Losoff, A"]
[Black "Jackson, S"]
[Result "1-0"]
[WhiteElo "1827"]
[BlackElo "1384"]
[Annotator "Playoff 2"]
[PlyCount "87"]
[EventDate "1999.??.??"]

1. e4 d6 2. d4 c6 3. c4 g6 4. f4 Nd7 5. Nc3 Bg7 6. Nf3 e6 7. Be2 Ne7 8. O-O a6
9. Be3 O-O 10. Qd2 10... Nf6 { } 11. Kh1 Ng4 12. Bg1 e5 13. dxe5 dxe5 14. Qxd8
14... Rxd8 { } 15. h3 Nh6 16. fxe5 f6 17. exf6 Bxf6 18. e5 Bg7 19. Ne4 19...
Nf7 { } 20. Bb6 Rf8 21. Bc5 Re8 22. Bd6 Nf5 23. g4 Ne3 24. Rf2 Nxe5 25. Nxe5
Bxe5 26. Bxe5 Rxe5 27. Bd3 { } 27... b5 28. b3 c5 29. Re1 { } 29... Nxg4 30.
hxg4 Bb7 31. Kh2 Kg7 32. Ree2 h5 33. gxh5 Rxh5+ 34. Kg3 Bxe4 35. Rxe4 Rah8 36.
Re7+ 36... Kh6 { } 37. Re3 Rg5+ 38. Kf3 Rf8+ 39. Ke2 Rxf2+ 40. Kxf2 Kh5 41.
cxb5 axb5 42. Bxb5 { } 42... Rd5 43. Be2+ Kh4 44. Bb5 {
score unreadable. Wh pushed a-Pawn to win} 1-0

[Event "CCDOC-CRT"]
[Site "?"]
[Date "1999.05.15"]
[Round "?"]
[White "Appleberry, T"]
[Black "Bargerstock, D"]
[Result "0-1"]
[WhiteElo "1339"]
[BlackElo "1720"]
[Annotator "Playoff 2"]
[PlyCount "62"]
[EventDate "1999.??.??"]

1. e4 e6 2. Nf3 d5 3. exd5 exd5 4. d4 Bd6 5. Nc3 c6 6. Be2 Bf5 7. g3 7... Ne7 {
} 8. Nh4 Be6 9. Be3 Nd7 10. Bd3 h6 11. Ne2 Nf6 12. Ng2 { } 12... Bg4 13. h3 Bf3
14. Rg1 Qd7 15. h4 Ne4 16. Bxe4 dxe4 17. Qd2 Nd5 18. O-O-O O-O-O 19. Rde1 19...
f6 { } 20. Ngf4 Nxe3 21. Qxe3 g5 22. hxg5 hxg5 23. Ng2 23... Rh2 { } 24. Nc3
Bxg2 25. Nxe4 Bxe4 26. Qxe4 Rxf2 27. g4 { } 27... Bf4+ 28. Kb1 Qxd4 29. Qe6+
29... Kb8 { } 30. Rd1 Qxd1+ 31. Rxd1 Rxd1# 0-1

[Event "CRT-CCDOC"]
[Site "?"]
[Date "1999.05.15"]
[Round "?"]
[White "Shatsky, V"]
[Black "Sandefur, B"]
[Result "1-0"]
[WhiteElo "1604"]
[BlackElo "1214"]
[Annotator "Playoff 2"]
[PlyCount "33"]
[EventDate "1999.??.??"]

1. e4 e5 2. f4 Qf6 3. fxe5 Qxe5 4. Nc3 Nf6 5. d4 5... Qe7 { } 6. e5 d6 7. Nf3
Nbd7 8. Bf4 Qe6 9. Bd3 h6 10. Qe2 10... Ng4 { } 11. d5 Qe7 12. e6 Ndf6 13. Bb5+
{ } 13... Kd8 14. Nd4 Nxd5 15. Nxd5 Qh4+ 16. Bg3 Qh5 17. e7+ { } 1-0

[Event "Chargers-Aces"]
[Site "?"]
[Date "1999.05.15"]
[Round "?"]
[White "Warren, J"]
[Black "Reyes, R"]
[Result "1/2-1/2"]
[WhiteElo "2123"]
[BlackElo "2377"]
[Annotator "Playoff 2"]
[PlyCount "35"]
[EventDate "1999.??.??"]

1. d4 Nf6 2. c4 e6 3. Nc3 Bb4 4. e3 O-O 5. Bd3 b6 6. Nf3 c5 7. O-O cxd4 8. exd4
d5 9. Bg5 Be7 10. Qe2 Nbd7 11. Rac1 { } 11... dxc4 12. Bxc4 Bb7 13. Rfd1 a6 14.
d5 Nxd5 15. Bxd5 Bxd5 16. Bxe7 Bxf3 17. Qxf3 Qxe7 18. Qb7 { } 1/2-1/2

[Event "Aces-Chargers"]
[Site "?"]
[Date "1999.05.15"]
[Round "?"]
[White "Jakstas, K"]
[Black "Marcowka, R"]
[Result "0-1"]
[WhiteElo "2189"]
[BlackElo "2004"]
[Annotator "Playoff 2"]
[PlyCount "70"]
[EventDate "1999.??.??"]

1. d4 Nf6 2. Nf3 c5 3. c3 e6 4. Bg5 h6 5. Bxf6 Qxf6 6. e4 { } 6... Qd8 7. Nbd2
a6 8. a4 cxd4 9. Nxd4 Be7 10. Bd3 Nc6 11. N2f3 d6 12. O-O Bd7 13. Qe2 13... Qc7
{ } 14. h4 g5 15. h5 Bf6 16. Nxc6 Bxc6 17. Nd4 Be5 18. Rfd1 { } 18... Ke7 19.
Nc2 Rag8 20. Ne3 Qd7 21. a5 { } 21... Kf8 22. Nc4 Qe7 23. Nxe5 dxe5 24. g4 Kg7
25. Qe3 Rc8 26. Bc2 Rhd8 27. Rxd8 Rxd8 28. Rd1 Bb5 29. b3 Rxd1+ 30. Bxd1 30...
Qd8 { } 31. Be2 Bxe2 32. Qxe2 Qxa5 33. Qd2 Qc5 34. Qd3 a5 35. Kg2 b5 0-1

[Event "Chargers-Aces"]
[Site "?"]
[Date "1999.05.15"]
[Round "?"]
[White "Stamm, V"]
[Black "Czerniecki, K"]
[Result "0-1"]
[WhiteElo "1611"]
[BlackElo "2000"]
[Annotator "Playoff 2"]
[PlyCount "64"]
[EventDate "1999.??.??"]

1. d4 g6 2. e4 Bg7 3. Nf3 c6 4. Be2 d5 5. e5 Bg4 6. O-O e6 7. Nbd2 Ne7 8. h3 { 
} 8... Bxf3 9. Nxf3 Nd7 10. Bg5 h6 11. Bh4 Qb6 12. b3 Nf5 13. Bg3 Nxg3 14. fxg3
{ } 14... Nxe5 15. c3 Nd7 16. Kh2 O-O 17. c4 Qc7 18. Rc1 Nf6 19. cxd5 19...
exd5 { } 20. Nd2 Rae8 21. Rf3 Ne4 22. Nxe4 22... Rxe4 { } 23. Rd3 Qb6 24. Kh1
Rfe8 25. Rc2 { } 25... Bxd4 26. Rf3 Bg7 27. Rf1 Qc7 28. Bd3 Re3 29. g4 Qg3 30.
Kg1 { } 30... Rxd3 31. Qc1 Bd4+ 32. Kh1 Be5 0-1

[Event "Aces-Chargers"]
[Site "?"]
[Date "1999.05.15"]
[Round "?"]
[White "Golla, R"]
[Black "Thomas, J"]
[Result "1-0"]
[WhiteElo "1914"]
[BlackElo "1495"]
[Annotator "Playoff 2"]
[PlyCount "73"]
[EventDate "1999.??.??"]

1. Nf3 Nc6 2. d4 d5 3. g3 Bg4 4. Bg2 e6 5. O-O Bd6 6. h3 Bxf3 7. Bxf3 Nge7 8.
Re1 { } 8... f5 9. Bg5 Qd7 10. c3 O-O-O 11. b4 a6 12. a4 h6 13. Bd2 { } 13...
Ng8 14. b5 Na5 15. bxa6 bxa6 16. Na3 Bxa3 17. Rxa3 Nc4 18. Ra2 Ne7 19. Bc1 g5
20. e3 Nc6 21. Be2 N6a5 22. Bd3 22... h5 { } 23. f4 g4 24. h4 Qd6 25. Kf2 Kd7
26. Qc2 Rb8 27. Re2 27... Rb7 { } 28. Bxf5 exf5 29. Qxf5+ Qe6 30. Qg5 30... Kd6
{ } 31. e4 dxe4 32. Qc5+ Kd7 33. Qg5 33... Rh7 { } 34. d5 Qe7 35. Qf5+ Kd8 36.
Rxe4 { } 36... Qd7 37. Qf8+ 1-0

[Event "Chargers-Aces"]
[Site "?"]
[Date "1999.05.15"]
[Round "?"]
[White "Dobr, K"]
[Black "Franek, M"]
[Result "0-1"]
[WhiteElo "1485"]
[BlackElo "1772"]
[Annotator "Playoff 2"]
[PlyCount "54"]
[EventDate "1999.??.??"]

1. c4 c5 2. Nc3 e5 3. Nf3 Nc6 4. g3 g6 5. Bg2 Bg7 6. O-O Nge7 7. d3 O-O 8. e4
d6 9. Bg5 9... h6 { } 10. Bxe7 Nxe7 11. Re1 Be6 12. Qd2 Qd7 13. Nd5 Kh7 14.
Rab1 { } 14... Nc6 15. a3 a5 16. Kh1 Rab8 17. Ng1 17... b5 { } 18. f4 exf4 19.
Nxf4 b4 20. Nxe6 fxe6 21. Ne2 Nd4 22. Nxd4 Bxd4 23. Rf1 Qg7 24. Rxf8 Rxf8 25.
axb4 axb4 26. b3 { } 26... Rf2 27. Qe1 Qa7 0-1

[Event "Aces-Chargers"]
[Site "?"]
[Date "1999.05.15"]
[Round "?"]
[White "Frank, M"]
[Black "Brady, R"]
[Result "1-0"]
[WhiteElo "1837"]
[BlackElo "1344"]
[Annotator "Playoff 2"]
[PlyCount "71"]
[EventDate "1999.??.??"]

1. e4 g6 2. Nf3 Bg7 3. Bc4 d6 4. O-O Bg4 5. h3 Bxf3 6. Qxf3 e6 7. Nc3 Nc6 8.
Bb5 Nge7 9. d3 O-O 10. Be3 a6 11. Ba4 b5 12. Bb3 { } 12... Qb8 13. Rad1 Nd4 14.
Bxd4 Bxd4 15. Rd2 c5 16. Nd1 Nc6 17. c3 Bg7 18. Qe2 a5 19. a4 { } 19... Rd8 20.
f4 Qb6 21. Kh1 Bh6 22. Ne3 b4 23. Bc4 Bg7 24. Rc2 24... Rab8 { } 25. f5 exf5
26. exf5 Ne5 27. Bd5 bxc3 28. bxc3 Qc7 29. fxg6 29... hxg6 { } 30. d4 Nd7 31.
Rxf7 Kh8 32. Qg4 Rf8 33. Qh4+ Kg8 34. Rxd7+ 34... Rf7 { } 35. Bxf7+ Kf8 36.
Qe7# 1-0

[Event "CCDOC-Chargers"]
[Site "?"]
[Date "1999.05.15"]
[Round "?"]
[White "Williams, K"]
[Black "Warren, J"]
[Result "1/2-1/2"]
[WhiteElo "1968"]
[BlackElo "2123"]
[Annotator "Playoff 3"]
[PlyCount "84"]
[EventDate "1999.??.??"]

1. e4 c6 2. d4 d5 3. exd5 cxd5 4. Bd3 Nc6 5. c3 Nf6 6. Bf4 Bg4 7. Qb3 Qb6 8.
Qxb6 axb6 9. f3 9... Bh5 { } 10. Bc7 Nd7 11. Na3 e5 12. Nb5 exd4 13. Nxd4 Nxd4
14. cxd4 Bb4+ 15. Kf2 Rc8 16. Rc1 O-O 17. Ne2 { } 17... Nc5 18. dxc5 Rxc7 19.
cxb6 Bc5+ 20. Kg3 Bxb6 21. Rxc7 21... Bxc7+ { } 22. Kh4 Bg6 23. Bxg6 fxg6 24.
Rd1 Rf5 25. h3 Bb6 26. Kg3 Rg5+ 27. Kh2 27... d4 { } 28. Rd3 Rb5 29. b3 g5 30.
g3 Re5 31. Ng1 Kf7 32. Kg2 Re1 33. Kf2 33... Ra1 { } 34. a4 Ra2+ 35. Ne2 Ke6
36. f4 gxf4 37. gxf4 37... Kd5 { } 38. Kf3 Rc2 39. h4 h5 40. Rd1 Rb2 41. Rd3
Rc2 42. Rd1 Rb2 1/2-1/2

[Event "Chargers-CCDOC"]
[Site "?"]
[Date "1999.05.15"]
[Round "?"]
[White "Marcowka, R"]
[Black "Hall, A"]
[Result "1-0"]
[WhiteElo "2004"]
[BlackElo "1471"]
[Annotator "Playoff 3"]
[PlyCount "195"]
[EventDate "1999.??.??"]

1. e4 e5 2. Nf3 d6 3. d4 3... Bg4 { } 4. dxe5 Bxf3 5. gxf3 { } 5... Qd7 6. exd6
Bxd6 7. c3 a6 8. Be3 Nf6 9. Nd2 Nh5 10. Nc4 10... Bf4 { } 11. Bd4 O-O 12. h4
Nc6 13. Bh3 Qe7 14. Bg4 Nf6 15. Bxf6 Qxf6 16. Qd5 { } 16... b5 17. Ne3 Ne5 18.
Ke2 Rad8 19. Qc5 Bxe3 20. Qxe3 Nd3 21. Rab1 b4 22. cxb4 22... Qc6 { } 23. Kf1
Nxb4 24. Kg2 Nxa2 25. Qb3 { } 25... g6 26. Qxa2 h5 27. Bh3 Qf6 28. Qc4 Qxh4 29.
Qxc7 Rd2 30. Qg3 Qf6 31. e5 Qb6 32. e6 { } 32... Qd6 33. exf7+ Kxf7 34. Qxd6
Rxd6 35. Rhc1 Rb8 36. Rc7+ Kf6 37. b3 Rb4 38. Bc8 a5 39. Ra7 Rc6 40. Bd7 Rd6
41. Ba4 Rd5 42. Rc1 Rg5+ 43. Kf1 Rb6 44. Rcc7 Rd6 45. f4 45... Rg4 { } 46. Rf7+
Ke6 47. f5+ gxf5 48. Rae7+ Kd5 49. Rxf5+ Kd4 50. Re3 Rh6 51. Ke2 h4 52. Kd2 h3
53. Rc3 53... Ke4 { } 54. Rc4+ Kxf5 55. Bd7+ Ke5 56. Bxg4 h2 57. Bf3 h1=Q 58.
Bxh1 Rxh1 59. Rc5+ Kf4 60. Rxa5 { } 60... Rb1 61. Kc3 Rc1+ 62. Kb4 Ke4 63. Ra2
Kf4 64. Rd2 Rg1 65. Kc4 Rc1+ 66. Kb5 Rc8 67. b4 Rb8+ 68. Kc4 Rc8+ 69. Kb3 Rc1
70. b5 Ke4 71. Kb4 Rg1 72. Kc5 Rc1+ 73. Kb6 Ke5 74. Kb7 Rb1 75. b6 Rb3 76. Kc7
Rc3+ 77. Kb8 77... Rb3 { } 78. Kb7 Kf4 79. Rd7 Kf3 80. Rf7+ Ke4 81. Kc7 Rc3+
82. Kb8 Kd5 83. b7 Ke6 84. Rc7 Rf3 85. Rc2 Kd7 86. Rd2+ Kc6 87. Ra2 87... Kb6 {
} 88. Ka8 Rf8+ 89. b8=Q+ Rxb8+ 90. Kxb8 Kc6 91. Rd2 { } 91... Kc5 92. Kc7 Kc4
93. Kc6 Kc3 94. Rd5 Kc4 95. Kd6 Kc3 96. Kc5 Kb3 97. Rd3+ Ka4 98. Re3 1-0

[Event "Chargers-CCDOC"]
[Site "?"]
[Date "1999.05.15"]
[Round "?"]
[White "Thomas, J"]
[Black "Appleberry, T"]
[Result "1-0"]
[WhiteElo "1555"]
[BlackElo "1339"]
[Annotator "Playoff 3"]
[PlyCount "69"]
[EventDate "1999.??.??"]

1. e4 e5 2. Nf3 Nc6 3. Bb5 Qe7 4. O-O Nf6 5. Nc3 { } 5... Nd4 6. Ba4 c6 7. Re1
d6 8. d3 Bg4 9. Be3 Nxf3+ 10. gxf3 { } 10... Bh5 11. d4 Qe6 12. Kg2 { } 12...
Ng4 13. d5 Nxe3+ 14. Rxe3 Qg6+ 15. Kh1 Rc8 16. Qg1 Qf6 17. Qg3 Be7 18. dxc6
18... bxc6 { } 19. Nd5 Qg5 20. Nxe7 Qxe7 21. Rg1 g6 22. Rc3 Qb7 23. b3 O-O 24.
Rd1 { } 24... d5 25. Qxe5 Rfe8 26. Qd6 Re6 27. Qf4 Qb4 28. Rdd3 Kg7 29. Kg2 { }
29... d4 30. Rc4 Qb6 31. Rcxd4 Rf6 32. Qe5 c5 33. Rd6 { } 33... Qc7 34. Qxf6+
Kg8 35. Rd8+ 1-0

[Event "Fermi-CRT"]
[Site "?"]
[Date "1999.05.15"]
[Round "?"]
[White "Dorigo, T"]
[Black "Kras, T"]
[Result "1/2-1/2"]
[WhiteElo "2182"]
[BlackElo "2267"]
[Annotator "Playoff 3"]
[PlyCount "35"]
[EventDate "1999.??.??"]

1. e4 c5 2. c3 d5 3. exd5 Qxd5 4. d4 Nf6 5. Nf3 Bg4 6. Be2 e6 7. h3 { } 7...
Bf5 8. c4 Qd8 9. Nc3 Nc6 10. Be3 cxd4 11. Nxd4 Nxd4 12. Qxd4 Qxd4 13. Bxd4
13... a6 { } 14. Bf3 O-O-O 15. Bb6 Rd3 16. O-O Nd7 17. Be3 Bc5 18. Be2 { }
1/2-1/2

[Event "CRT-Fermi"]
[Site "?"]
[Date "1999.05.15"]
[Round "?"]
[White "Losoff, A"]
[Black "Gaines, I"]
[Result "1-0"]
[WhiteElo "1827"]
[BlackElo "1741"]
[Annotator "Playoff 3"]
[PlyCount "103"]
[EventDate "1999.??.??"]

1. e4 c5 2. d4 cxd4 3. c3 d3 4. c4 d6 5. Nc3 Nf6 6. Bxd3 Nbd7 7. f4 e6 8. Nf3
Be7 9. O-O 9... O-O { } 10. Kh1 b6 11. Qe2 Bb7 12. Bd2 Nc5 13. Bc2 Bc6 14. Rad1
Qc7 15. Nd4 { } 15... a6 16. Nxc6 Qxc6 17. b4 17... Nb7 { } 18. e5 dxe5 19.
fxe5 Nd7 20. Bf4 Bxb4 21. Qd3 { } 21... f5 22. exf6 Nxf6 23. Be5 Rad8 24. Qh3
Bxc3 25. Bxc3 Rxd1 26. Rxd1 { } 26... Qxc4 27. Bb3 Qe2 28. Qxe6+ Qxe6 29. Bxe6+
29... Kh8 { } 30. Bxf6 gxf6 31. Kg1 Rd8 32. Rb1 b5 33. Rc1 a5 34. Kf1 b4 35.
Rc7 { } 35... Rd2 36. Rxb7 Rb2 37. a3 bxa3 38. Rxb2 axb2 39. Bf5 a4 40. Ke2 a3
41. Bb1 { } 41... Kg7 42. Kd3 h5 43. Kc3 Kh6 44. Kb3 Kg5 45. Kxa3 f5 46. Kxb2
f4 47. Be4 47... h4 { } 48. h3 Kf6 49. Kc3 Ke5 50. Bf3 Kf5 51. Kd4 Kg5 52. Ke4
{ } 1-0